• 首页
  • 本馆介绍
  • 公告通知
  • 最新文献
  • 馆藏检索
  • 电子资源
  • 读者导购
  • 参考咨询
  • 我的图书馆
  • 登录
  • 详细信息显示
  • 放入我的书架
  • 预约/预借图书
  • 作者相关作品
  • 分类相关作品
  • 丛书相关作品
  • 出版社相关作品

书目信息

  • 表格格式
  • 工作单格式
  • 卡片格式
书名: Encyclopaedia of the terpenoids
作者: John S. Glasby
分册号:
分册名:
出版地: Chichester ;
 
出版社: Wiley
出版时间: c1982.
页数: 2 v.(1323 p.) :
开本: 28 cm.
丛书名:
中图分类号:
科图分类号:
其他分类号: O629.6-61
主题词:
电子资源:
000 00950nam 2200301 a 4500
001 E0753464907
005 20070302145626.29
008 00110 eng
008 uu
010    @a81019866 //r922
020    @a0471900311 (v. 1).
020    @a047190032X (v. 2).
020    @a0471279862 (set) :@c$442.00.
040    @aDLC @cDLC @dDLC
049    @aN5LA
050 00 @aQD416 @b.G53 1982
082 00 @a547.7/1 @219
090    @aO629.6-61
096    @aO629.6-61 @v2
099    @dO629.6-61@ex11:(I-Z)
245 00 @aEncyclopaedia of the terpenoids / @cJohn S. Glasby
260 0  @aChichester ;@aNew York :@bWiley,@cc1982.
300    @a2 v.(1323 p.) :@bill. ;@c28 cm.
500    @a"A Wiley-Interscience publication."
500    @aIncludes index.
650  0 @aTerpenes @xEncyclopedias.
700 1  @aGlasby, John S. @q(John Stephen) @b00 @c20020930 @lNLC09 @h2248 @lNLC09 @h2322 @lNLC09 @h1913
852 9  @bGJSS @k2G @hO629.6-61 @iE56
    
    Encyclopaedia of the terpenoids / / John S. Glasby.-Chichester ; ; New York : : Wiley, , c1982.
    2 v.(1323 p.) : : ill. ; ; 28 cm.
    "A Wiley-Interscience publication." .-Includes index.
    
    ISBN 0471900311 (v. 1).
    
●
相关链接 在E读中查询图书 在五车中查询图书 在当当中查询图书 在豆瓣中查询图书


正题名:Encyclopaedia of the terpenoids     索取号:O629.6-61/x11:(I-Z)         预约/预借

序号 登录号 条形码 馆藏地/架位号 状态 备注
1 183124   000635316   第二样本阅览室/ [索取号:O629.6-61/x11:(I-Z)] 在馆    
2 183125   000635325   第四借阅区/ [索取号:O629.6-61/x11:(I-Z)] 在馆    
3 183126   000635334   第四借阅区/ [索取号:O629.6-61/x11:(I-Z)] 在馆    
唐山师范学院图书馆 欢迎您!
大连网信软件有限公司© 版权所有